<?xml version="1.0" encoding="UTF-8"?>
<collection xmlns="http://www.loc.gov/MARC21/slim">
 <record>
  <leader>00399pamaa2200145   4500</leader>
  <controlfield tag="001">0000024758</controlfield>
  <controlfield tag="005">20060421090000.0</controlfield>
  <datafield tag="020" ind1="0" ind2="0">
   <subfield code="a">1870098684 </subfield>
  </datafield>
  <datafield tag="082" ind1=" " ind2=" ">
   <subfield code="a">121.3 WRI 1997</subfield>
  </datafield>
  <datafield tag="090" ind1="0" ind2="0">
   <subfield code="a">HM756 </subfield>
   <subfield code="b">WRI 1997</subfield>
  </datafield>
  <datafield tag="100" ind1="1" ind2="0">
   <subfield code="a">WRIGHT </subfield>
  </datafield>
  <datafield tag="245" ind1="1" ind2="4">
   <subfield code="a">The Sufficient community : </subfield>
   <subfield code="b">putting people first  </subfield>
   <subfield code="c">Chris Wright.</subfield>
  </datafield>
  <datafield tag="260" ind1="0" ind2="0">
   <subfield code="a">Cartington: </subfield>
   <subfield code="b">Green Books Ltd., </subfield>
   <subfield code="c">1997.</subfield>
  </datafield>
  <datafield tag="300" ind1=" " ind2=" ">
   <subfield code="a">152p.; </subfield>
   <subfield code="c">22cm.</subfield>
  </datafield>
  <datafield tag="650" ind1="0" ind2="0">
   <subfield code="a">Sufficient reason </subfield>
  </datafield>
 </record>
</collection>
